[Event "CHI BioBio Region-ch U18"]
[Site "Los Angeles"]
[Date "2015.07.22"]
[Round "9.2"]
[White "Vargas Alarcon, Marcelo"]
[Black "Meza Alarcon, Sergio Andres"]
[Result "1/2-1/2"]
[WhiteElo "1504"]
[BlackElo "1437"]
[PlyCount "46"]
[EventDate "2015.07.20"]
[EventType "tourn"]
[EventRounds "9"]
[EventCountry "CHI"]
[SourceTitle "EXT 2024"]
[Source "ChessBase"]
[SourceDate "2023.10.10"]
[SourceVersion "1"]
[SourceVersionDate "2023.10.10"]
[SourceQuality "1"]

1. e4 e6 2. d4 d5 3. e5 c5 4. c3 Qb6 5. Nf3 Nc6 6. a3 c4 7. Be2 Bd7 8. Nbd2 Na5 9. 0-0 Ne7 10. Rb1 Ng6 11. g3 Be7 12. h4 f5 13. Nh2 0-0-0 14. f4 Rdg8 15. Bh5 Nf8 16. Bf7 Qd8 17. Bxg8 Rxg8 18. Ndf3 h6 19. Qe2 Nh7 20. h5 Be8 21. Ne1 Nb3 22. Be3 g5 23. hxg6 Rxg6 1/2-1/2

[Event "CHI BioBio Region-ch U18"]
[Site "Los Angeles"]
[Date "2015.07.21"]
[Round "5.2"]
[White "Meza Alarcon, Sergio Andres"]
[Black "Cid Munoz, Benjamin"]
[Result "0-1"]
[WhiteElo "1437"]
[BlackElo "1726"]
[PlyCount "72"]
[EventDate "2015.07.20"]
[EventType "tourn"]
[EventRounds "9"]
[EventCountry "CHI"]
[SourceTitle "EXT 2024"]
[Source "ChessBase"]
[SourceDate "2023.10.10"]
[SourceVersion "1"]
[SourceVersionDate "2023.10.10"]
[SourceQuality "1"]

1. e4 e5 2. Nf3 Nc6 3. Bb5 Bc5 4. 0-0 Nd4 5. Nxd4 Bxd4 6. c3 Bc5 7. d4 exd4 8. cxd4 Be7 9. Nc3 c6 10. Ba4 b5 11. Bb3 b4 12. Ne2 Nf6 13. Ng3 0-0 14. e5 Ne8 15. Nf5 d5 16. Nxe7+ Qxe7 17. f4 Ba6 18. Rf3 Nc7 19. f5 Qd7 20. Bd2 Rab8 21. Qe1 Rfe8 22. Qh4 Be2 23. Rf2 Bd3 24. f6 g6 25. Qh6 Ne6 26. Rf3 Bf5 27. Bc2 Bxc2 28. Rh3 g5 29. Rh5 Bg6 30. Rxg5 Kh8 31. Rg3 Rg8 32. Re1 Nxd4 33. Rf1 Ne2+ 34. Kh1 Nxg3+ 35. hxg3 Qe6 36. Kh2 Bd3 0-1